000
00299nam a22001217a 4500
008
190314b xxu||||| |||| 00| 0 eng d
041
_a
eng
080
_a
043.3
100
_a
0
101
_a
ARK-BA
245
_a
Ndertese Shoqerore - Muze i Arteve Bashkekohore ne Prizren
_c
Tara, V
942
_2
udc
_c
BK
999
_c
54810
_d
54810